000 00606nam a2200193Ia 4500
003 GCL
008 140319s9999 xx 000 0 ara d
040 _aGCL /
_cGCL
082 0 4 _a320.51
_bم ل
100 1 _aمدريس فلاجان
245 1 0 _aالليبرالية المعاصرة /
_cمدريس فلاجان
700 1 _aتمام الساحلى
260 _a[S.N] :
_bالمؤسسة الجامعية للدراسات والنشر والتوزيع ،
_c1990
300 _a128 ص
490 _a
650 0 4 _aالليبرالية
650 0 4 _aالعلوم السياسية
942 _2ddc
_cBK
999 _c43765
_d43765